Beabadoobee - Talk - Statistics

General Stats
  • This quiz has been taken 156 times
  • The average score is 155 of 187
Answer Stats
% Correct
a
97%
A
97%
I
97%
you
97%
You
97%
you?
97%
on
94%
be
92%
late
92%
Tuesday
92%
it's
91%
to
91%
too
91%
Say,
88%
up
88%
up?"
88%
if
86%
"What's
86%
why
86%
Call
85%
go
85%
I'm
85%
seen
85%
Babe,
83%
before
83%
complicated?
83%
Complicated
83%
have
83%
I've
83%
my
83%
not
83%
out,
83%
out
83%
so
83%
sure
83%
the
83%
when
83%
gum
82%
looked
82%
saw
82%
We
82%
we
82%
'Cause
80%
make
80%
shoes
80%
together
80%
like
78%
Why'd
77%
familiar
75%
for
75%
imagination
69%
bad
66%
don't
66%
you're
66%
exist,
65%
just
65%
waiting
65%
decision
63%
place,
60%
find
58%
in
57%
can't
55%
head
55%
lost,
54%
crowded
52%
Am
46%
silhouette
37%
that's
37%
No matching quizzes found
Score Distribution
Percent of People with Each Score
Percentile by Number Answered
Your Score History
You have not taken this quiz